| 000 | 00552nam a2200145 a 4500 | ||
|---|---|---|---|
| 050 | 0 | 0 |
_aHG3755 _b.B39 1987 |
| 100 | 1 | _aBeares, Paul. | |
| 245 | 1 | 0 |
_aConsumer lending / _cPaul Beares. |
| 260 |
_aWashington, D.C. (1120 Connecticut Ave., N.W., Washington 20036) : _bEducation Policy & Development, American Bankers Association, _cc1987. |
||
| 300 | _axi, 335 p. : | ||
| 500 | _aIncludes index. | ||
| 500 | _a"058400"--Spine. | ||
| 650 |
_xBank loans ; _xLoans, Personal ; _xConsumer credit ; _xLoans ; _xBanks and banking ; _xUnited States. |
||
| 942 |
_2lcc _cGEN |
||
| 999 |
_c9076 _d9076 |
||